ბათუმის შოთა რუსთაველის სახელმწიფო უნივერსიტეტის ბიბლიოთეკა

Core Anatomy for students : (ბიბ.ჩანაწერი № 61698)

000 -LEADER
fixed length control field 00685nam a22002057a 4500
005 - DATE AND TIME OF LATEST TRANSACTION
control field 20240418112457.0
008 - FIXED-LENGTH DATA ELEMENTS--GENERAL INFORMATION
fixed length control field 240418s2000 enk||||| |||| 00| 0 eng d
020 ## - INTERNATIONAL STANDARD BOOK NUMBER
International Standard Book Number 9780702020421x
041 ## - LANGUAGE CODE
Language code of text/sound track or separate title eng
080 ## - UNIVERSAL DECIMAL CLASSIFICATION NUMBER
Universal Decimal Classification number 611.2(075.8) D-29
100 ## - MAIN ENTRY--PERSONAL NAME
Personal name Dean Ch.
9 (RLIN) 21854
245 ## - TITLE STATEMENT
Title Core Anatomy for students :
Remainder of title Volume 3. The Head and Neck /
Statement of responsibility, etc. Ch. Dean, J. Pegington.
264 ## - PRODUCTION, PUBLICATION, DISTRIBUTION, MANUFACTURE, AND COPYRIGHT NOTICE
Place of production, publication, distribution, manufacture London :
Name of producer, publisher, distributor, manufacturer ‎WB Saunders Co.
Date of production, publication, distribution, manufacture, or copyright notice 2000.
300 ## - PHYSICAL DESCRIPTION
Extent 136 p.:
Other physical details ill.;
Dimensions 26 cm.
653 ## - INDEX TERM--UNCONTROLLED
keyword კისრის ანატომია
653 ## - INDEX TERM--UNCONTROLLED
keyword თავის ანატომია
653 ## - INDEX TERM--UNCONTROLLED
keyword მედიცინა
700 ## - ADDED ENTRY--PERSONAL NAME
Personal name Pegington, J.
Relator term ავტორი
9 (RLIN) 21855
942 ## - ADDED ENTRY ELEMENTS (KOHA)
Source of classification or shelving scheme
Koha item type წიგნი
ეგზემპლარები
Withdrawn status Lost status Source of classification or shelving scheme Damaged status Not for loan Permanent Location Current Location Shelving location Date acquired Cost, normal purchase price Full call number Barcode Date last seen Copy number Price effective from Koha item type Public note
          ბათუმის შოთა რუსთაველის სახელმწიფო უნივერსიტეტის მთავარი ბიბლიოთეკა ბათუმის შოთა რუსთაველის სახელმწიფო უნივერსიტეტის მთავარი ბიბლიოთეკა წიგნსაცავი 2024-04-18 44.00 611.2(075.8) D-29 67855 2024-04-18 67855 2024-04-18 წიგნი 44 ლ.